000 00623cam a22002293a 4500
001 24291
003 PGUSA
005 20140828083523.0
008 080115s2008||||xxu|||||s|||||000 p eng d
040 _aPGUSA
_beng
042 _adc
050 4 _aPQ
100 1 _aPascoais, Teixeira de,
_d1877-1952
245 1 0 _aO doido e a morte
_h[electronic resource] /
_cTeixeira de Pascoais
260 _bProject Gutenberg,
_c2008
506 _aPublic domain in the USA.
516 _aElectronic text
653 _aPoetry
830 0 _aProject Gutenberg
_v24291
856 4 0 _uhttp://www.gutenberg.org/ebooks/24291
942 _cEB
999 _c253546
_d253546